Autour du basket aux JO - Statistiques

Statistiques générales
  • Ce quiz a été pris 34 fois
    14 depuis la dernière actualisation
  • Le résultat moyen est 37 sur 113
Statistiques - réponses
Hint Réponse % Correct
Généralités Quel pays a enchainé 63 victoires aux JO ? Etats-Unis
93%
Généralités En quelle année le basket 3x3 devient discipline olympique ? 2020
86%
Citez une nation ayant participé (...) au tournoi masculin 20 fois Etats-Unis
71%
Quelles sont les nations ayant remporté le plus de médailles d'or ? Hommes et Femmes cumulés 27 médailles Etats-Unis
71%
Combien de nations sont représentées lors du tournoi masculin en 2024 12
57%
Généralités En quelle année le basket est pour la 1ère fois au programme ? 1936
57%
Quelles sont les nations ayant remporté le plus de médailles d'argent ? Hommes et Femmes cumulés 6 médailles France | Serbie
57%
Combien de nations sont représentées lors du tournoi masculin en 1976 1996 à 2016 12
50%
Combien de nations sont représentées lors du tournoi masculin en 1980 à 1988 14
50%
Quelles sont les nations ayant remporté le plus de médailles d'or ? Hommes et Femmes cumulés 5 médailles Russie
50%
Combien de nations sont représentées lors du tournoi féminin en Depuis 2008 12
43%
Combien de nations sont représentées lors du tournoi masculin en 1960 à 1972 16
43%
Combien de nations sont représentées lors du tournoi masculin en 2020 24
43%
Citez une nation ayant participé (...) au tournoi masculin 16 fois Brésil | Australie
43%
Quelle nation a gagné le tournoi masculin en 1996 Etats-Unis
43%
Quelle nation a gagné le tournoi masculin en 2008 Etats-Unis
43%
Quelle nation a gagné le tournoi masculin en 2012 Etats-Unis
43%
Quelle nation a gagné le tournoi masculin en 2016 Etats-Unis
43%
Quelle nation a gagné le tournoi masculin en 2020 Etats-Unis
43%
Quelle nation a gagné le tournoi masculin en 2024 Etats-Unis
43%
Quelles nations ont obtenu au moins (...) médailles ? Hommes et Femmes cumulés 30 médailles Etats-Unis
43%
Quelle nation a obtenu au moins (...) médailles ? Hommes 20 médailles Etats-Unis
43%
Quelle est la nation ayant remporté le plus de médailles d'or ? Femmes 12 médailles Etats-Unis
43%
Quel pays a remporté le tournoi masculin lors de JO qui s'y déroulent ? 2e Espagne - 3e Yougoslavie Etats-Unis
43%
Quel pays a remporté le tournoi masculin lors de JO qui s'y déroulent ? 2e Yougoslavie - 3e Lituanie Etats-Unis
43%
Quel pays a remporté le tournoi féminin lors de JO qui s'y déroulent ? 2e Corée-du-Sud - 3e Chine Etats-Unis
43%
Quel pays a remporté le tournoi féminin lors de JO qui s'y déroulent ? 2e Brésil - 3e Australie Etats-Unis
43%
Quelles nations ont obtenu au moins (...) médailles ? Hommes et Femmes cumulés 5 médailles France | Espagne | Brésil
43%
Quelles sont les nations ayant remporté le plus de médailles d'argent ? Hommes et Femmes cumulés 4 médailles Russie | Espagne
43%
Combien de nations sont représentées lors du tournoi féminin en 1976 13
36%
Combien de nations sont représentées lors du tournoi féminin en 1980 à 1988 14
36%
Combien de nations sont représentées lors du tournoi masculin en 1956 1992 15
36%
Combien de nations sont représentées lors du tournoi féminin en 1992 15
36%
Combien de nations sont représentées lors du tournoi féminin en 2000 2004 18
36%
Combien de nations sont représentées lors du tournoi masculin en 1936 19
36%
Combien de nations sont représentées lors du tournoi féminin en 1996 19
36%
Combien de nations sont représentées lors du tournoi masculin en 1948 1952 23
36%
Citez un pays n'ayant pas accédé aux quarts de finales dans le tournoi masculin des JO se déroulant chez lui Allemagne | Royaume-Uni | Finlande | Australie | Japon | Allemagne | Corée-du-Sud | Espagne | Brésil
36%
Citez une nation ayant participé (...) au tournoi masculin 12 fois Chine
36%
Citez un pays n'ayant pas accédé aux quarts de finales dans le tournoi féminin des JO se déroulant chez lui Corée-du-Sud | Espagne | Royaume-Uni | Brésil
36%
Citez une nation ayant participé (...) au tournoi féminin 11 fois Etats-Unis
36%
Quelle nation a gagné le tournoi masculin en 1936 Etats-Unis
36%
Quelle nation a gagné le tournoi masculin en 1948 Etats-Unis
36%
Quelle nation a gagné le tournoi masculin en 1952 Etats-Unis
36%
Quelle nation a gagné le tournoi masculin en 1956 Etats-Unis
36%
Quelle nation a gagné le tournoi masculin en 1960 Etats-Unis
36%
Quelle nation a gagné le tournoi masculin en 1964 Etats-Unis
36%
Quelle nation a gagné le tournoi masculin en 1968 Etats-Unis
36%
Quelle nation a gagné le tournoi masculin en 1976 Etats-Unis
36%
Quelle nation a gagné le tournoi masculin en 1984 Etats-Unis
36%
Quelle nation a gagné le tournoi masculin en 1992 Etats-Unis
36%
Quelle nation a gagné le tournoi masculin en 2004 Etats-Unis
36%
Quelle nation a gagné le tournoi féminin en 1984 Etats-Unis
36%
Quelle nation a gagné le tournoi féminin en 1988 Etats-Unis
36%
Quelle nation a gagné le tournoi féminin en 1996 Etats-Unis
36%
Quelle nation a gagné le tournoi féminin en 2000 Etats-Unis
36%
Quelle nation a gagné le tournoi féminin en 2004 Etats-Unis
36%
Quelle nation a gagné le tournoi féminin en 2008 Etats-Unis
36%
Quelle nation a gagné le tournoi féminin en 2012 Etats-Unis
36%
Quelle nation a gagné le tournoi féminin en 2016 Etats-Unis
36%
Quelle nation a gagné le tournoi féminin en 2020 Etats-Unis
36%
Quelle nation a gagné le tournoi féminin en 2024 Etats-Unis
36%
Quelles sont les nations ayant remporté le plus de médailles d'or ? Hommes 17 médailles Etats-Unis
36%
Citez une nation ayant participé (...) au tournoi masculin 11 fois France
36%
Quelles sont les nations ayant remporté le plus de médailles d'argent? Hommes 4 médailles France | Russie
36%
Citez une nation ayant participé (...) au tournoi masculin 14 fois Italie | Espagne
36%
Quelle nation a obtenu au moins (...) médailles ? Hommes 10 médailles Russie
36%
Citez une nation ayant participé (...) au tournoi masculin 9 fois URSS | Yougoslavie
36%
Quelle est la nationalité de ces sportives ayant obtenu 5 médailles d'or Sue Bird Américaine
29%
Quelles sont les nations ayant remporté le plus de médailles d'argent? Femmes 3 médailles Australie
29%
Quelles sont les nations ayant remporté le plus de médailles de bronze ? Femmes 2 médailles Australie | Russie
29%
Citez une nation ayant participé (...) au tournoi masculin 10 fois Canada
29%
Citez une nation ayant participé (...) au tournoi masculin 1 fois Estonie | Lettonie | Maroc | Irak | Irlande | Israël | Roumanie | Singapour | Thaïlande | Panama | Inde | Suède | Centrafrique | Ukraine | Zaïre | Serbie & Monténégro | Tunisie | Tchéquie | Slovénie | Soudan-du-Sud
29%
Quelle nation a obtenu au moins (...) médailles ? Hommes 5 médailles Serbie
29%
Quelles sont les nations ayant remporté le plus de médailles de bronze ? Hommes et Femmes cumulés 4 médailles Serbie | Brésil | Australie
29%
Quelles nations ont obtenu au moins (...) médailles ? Hommes et Femmes cumulés 15 médailles URSS
29%
Généralités Avant d'être discipline officielle, le basket a été discipline de démonstration en 1904
21%
Quelle est la nationalité de ces sportifs ayant obtenu 4 médailles d'or Kevin Durant Américaine
21%
Quelle est la nationalité de ces sportifs ayant obtenu 3 médailles d'or Carmelo Anthony Américaine
21%
Quelle est la nationalité de ces sportifs ayant obtenu 3 médailles d'or LeBron James Américaine
21%
Quelle est la nationalité de ces sportifs ayant obtenu 3 médailles d'or Kevin Durant Américaine
21%
Quelle est la nationalité de cette sportive ayant obtenu 6 médailles d'or Diana Taurasi Américaine
21%
Quelle est la nationalité de ces sportives ayant obtenu 4 médailles d'or Teresa Edwards Américaine
21%
Quelle est la nationalité de ces sportives ayant obtenu 4 médailles d'or Lisa Leslie Américaine
21%
Quelle est la nationalité de ces sportives ayant obtenu 4 médailles d'or Tamika Catchings Américaine
21%
Quelles sont les nations ayant remporté le plus de médailles de bronze ? Hommes 3 médailles Brésil | Lituanie
21%
Citez une nation ayant participé (...) au tournoi masculin 4 fois Chili | Hongrie | Angola | Russie | Bulgarie
21%
Citez une nation ayant participé (...) au tournoi féminin 10 fois Chine | Australie
21%
Citez une nation ayant participé (...) au tournoi féminin 7 fois Italie | Brésil | France | Canada | Japon
21%
Citez une nation ayant participé (...) au tournoi masculin 8 fois Japon
21%
Citez une nation ayant participé (...) au tournoi masculin 7 fois Mexique | Philippines | Uruguay | Tchécoslovaquie | Egypte | Argentine | Cuba | Allemagne
21%
Citez une nation ayant participé (...) au tournoi masculin 6 fois Pologne | | Lituanie | Corée-du-Sud | Grèce
21%
Quelles sont les nations ayant remporté le plus de médailles de bronze ? Hommes et Femmes cumulés 7 médailles Russie
21%
Quelles nations ont obtenu au moins (...) médailles ? Hommes et Femmes cumulés 10 médailles Serbie
21%
Citez une nation ayant participé (...) au tournoi masculin 2 fois Turquie | Royaume-Uni | Nouvelle-Zélande | Finlande | Venezuela | Serbie
21%
Quelle nation a gagné le tournoi masculin en 1972 URSS
21%
Quelle nation a gagné le tournoi masculin en 1988 URSS
21%
Quelle nation a gagné le tournoi féminin en 1976 URSS
21%
Quelle nation a gagné le tournoi féminin en 1980 URSS
21%
Quel pays a remporté le tournoi féminin lors de JO qui s'y déroulent ? 2e Bulgarie - 3e Yougoslavie URSS
21%
Quelle nation a gagné le tournoi masculin en 2000Etats-Unis Argentine
14%
Citez une nation ayant participé (...) au tournoi féminin 1 fois Mexique | Inde | Sénégal | Pologne | Suède | Uruguay | Centrafrique | Ukraine |Zaïre | Tunisie | Serbie & Monténégro | Royaume-Uni | Serbie | Tchéquie | Slovénie |
14%
Citez une nation ayant participé (...) au tournoi masculin 3 fois Pérou | Suisse | Belgique | Iran | Sénégal | Croatie | Nigeria
14%
Quelles sont les nations ayant remporté le plus de médailles de bronze ? Hommes 4 médailles Russie
14%
Quelles sont les nations ayant remporté le plus de médailles d'argent? Hommes 5 médailles Serbie
14%
Citez une nation ayant participé (...) au tournoi féminin 2 fois Tchécoslovaquie | Corée-du-Sud | Venezuela | Nouvelle-Zélande | Grèce | Iran | Belgique
14%
Quelle nation a gagné le tournoi masculin en 1980 Yougoslavie
14%
Citez une nation ayant participé (...) au tournoi féminin 5 fois Yougoslavie | Argentine | Espagne
14%
Citez une nation ayant participé (...) au tournoi féminin 6 fois Lituanie
7%
Citez une nation ayant participé (...) au tournoi féminin 3 fois Croatie | Nigeria | Egypte | URSS | Cuba | Serbie
0%
Quelle nation a gagné le tournoi féminin en 1992 Equipe unifiée ex-URSS
0%
Généralités Ce sport fait son entrée pour les femmes lors des jeux de Montréal
0%
Citez une nation ayant participé (...) au tournoi féminin 4 fois Russie | Angola
0%
Aucun quiz correspondant
Distribution des résultats
% des personnes avec chaque résultat
Percentile par nombre de réponses
Votre historique - résultats
Vous n’avez pas pris ce quiz depuis la dernière actualisation